Normal view
MARC view
- Maisarah Ahmad
Entry Personal Name
001 - CONTROL NUMBER
- control field: 9608
003 - CONTROL NUMBER IDENTIFIER
- control field: OSt
005 - DATE AND TIME OF LATEST TRANSACTION
- control field: 20251009101731.0
008 - FIXED-LENGTH DATA ELEMENTS
- fixed length control field: 251009|| aca||aabn | a|a d
040 ## - CATALOGING SOURCE
- Original cataloging agency: OSt
- Transcribing agency: OSt
100 ## - HEADING--PERSONAL NAME
- Personal name: Maisarah Ahmad
670 ## - SOURCE DATA FOUND
- Source citation: Work cat.: (OSt)5036: TRAPPING THE CUNNING FOX

PORTAL AKMAL
E-MEL JKDM
AKMAL2U
G-BAM
u-PUSTAKA